Прошлое: роман

Podrobná bibliografie
Hlavní autor: Паулс А. Алан
Další autoři: Правосудов В. Владимир (переводчик)
Shrnutí: Главные герои книги, Римини и София, решают разойтись после двенадцати лет совместной жизни. Римини, переводчик (которому однажды доведется сопровождать знаменитого французского философа Жака Дерриду во время его визита в аргентинскую столицу), делает осознанный выбор — сошествие в ад жизни рефлексирующего холостяка. София же, чья любовь к нему лишь крепнет, вступает в "Общество женщин, которые любят слишком сильно" имени Адели Г. — злополучной дочери Виктора Гюго, которую обессмертил своим знаменитым фильмом "История Адели Г." Франсуа Трюффо...
Jazyk:ruština
Vydáno: Санкт-Петербург, Азбука-классика, 2010
Edice:thebigbook
Témata:
Médium: MixedMaterials Kniha
KOHA link:https://koha.lib.tpu.ru/cgi-bin/koha/opac-detail.pl?biblionumber=379542

MARC

LEADER 00000nam0a2200000 4500
001 379542
005 20240125150359.0
010 |a 978-5-9985-0609-3 
035 |a (RuTPU)RU\TPU\retro\37009 
090 |a 379542 
100 |a 20231019d2010 m||y0rusy50 ca 
101 1 |a rus  |c spa 
102 |a RU 
105 |a y z 000ay 
181 0 |a i   |b  e  
182 0 |a n 
183 0 |a nc  |2 RDAcarrier 
200 1 |a Прошлое  |e роман  |f Алан Паулс  |g пер. с исп. В. Правосудова 
203 |a Текст  |b визуальный  |c непосредственный 
210 |a Санкт-Петербург  |c Азбука-классика  |d 2010 
215 |a 544 с. 
225 1 |a thebigbook 
283 |a volume  |2 RDAcarrier 
330 |a  Главные герои книги, Римини и София, решают разойтись после двенадцати лет совместной жизни. Римини, переводчик (которому однажды доведется сопровождать знаменитого французского философа Жака Дерриду во время его визита в аргентинскую столицу), делает осознанный выбор — сошествие в ад жизни рефлексирующего холостяка. София же, чья любовь к нему лишь крепнет, вступает в "Общество женщин, которые любят слишком сильно" имени Адели Г. — злополучной дочери Виктора Гюго, которую обессмертил своим знаменитым фильмом "История Адели Г." Франсуа Трюффо... 
606 1 |a Испанская литература  |9 39855 
610 1 |a художественная литература 
610 1 |a романы 
610 1 |a современная проза 
610 1 |a аргентинская литература 
675 |a 86  |v 4  |z rus 
700 1 |a Паулс  |b А.  |g Алан 
702 1 |4 730  |a Правосудов  |b В.  |g Владимир 
801 1 |a RU  |b 63413507  |c 20231019 
942 |c BK